| 000 | 01446nam0a22002891 4500 | ||
|---|---|---|---|
| 001 | rc\4663573 | ||
| 005 | 20260408081234.0 | ||
| 021 |
_aRU _b[63-44952] |
||
| 035 | _a(NLR Aleph) 008698247 | ||
| 090 |
_a9282267 _c9282267 |
||
| 100 | _a20130416d1963 |||y0rusy50 ca | ||
| 101 | 0 | _arus | |
| 102 | _aRU | ||
| 105 | _ay z ||||| | ||
| 200 | 1 |
_aПеречень стандартов, нормалей и технических условий на электрокерамические изделия _eПо состоянию на 1-е янв. 1963 г. _fГос. ком. по автоматизации и машиностроению при Госплане СССР. ЦБТИ |
|
| 210 |
_aМосква _cЦИНТИПриборэлектропром _d1963 |
||
| 215 |
_a32 с. _d14х22 |
||
| 300 | _aНа обороте тит. л. сост.: М.П. Школьникова, Р.И. Ермолаева | ||
| 606 |
_aЭлектротехнические изделия, керамические _jНормативные и руководящие материалы _jУказатели _2psbo |
||
| 702 | 1 |
_aШкольникова _bМ.П. _4220 |
|
| 702 | 1 |
_aЕрмолаева _bР.И. _4220 |
|
| 712 | 0 | 1 |
_aСССР _bКомитет по автоматизации и машиностроению _3RU\NLR\AUTH\8810118597 _9736030 |
| 801 | 0 |
_aRU _bNLR _gpsbo |
|
| 801 | 1 |
_aRU _bELAR _2rusmarc |
|
| 852 |
_aNLR _jПт 10.1/225 |
||
| 942 | _cBOOK | ||
| 980 | _aNB | ||